00461nam a22001457a 450000500170000000800410001702000340005804100130009208200130010510000130011824500830013126000440021430000310025865000260028920240919081711.0231208b |||||||| |||| 00| 0 eng d a9780409017496 ; 9780409016284 aEnglish  a349 BUT  lEnglish  aButterworths Forms and Precedents : bEntertainment Lawcedited by M Govender  aDurban : bLexisNexis (Pty) Ltd, c2000 bvii, 713 pages ; c26 cm.  aLegal practice bLaw